Adobe Acrobat 6.0 professional oficiální výukový kurz

Enregistré dans:
Détails bibliographiques
Autres auteurs: Sedlák, Michal
Format: Livre
Langue:tchèque
Publié: Praha SoftPress 2004
Sujets:
Tags: Ajouter un tag
Pas de tags, Soyez le premier à ajouter un tag!

MARC

LEADER 00000nam$a2200000$$$4500
001 0030308
005 20240315114345.4
020 |a 80-86497-74-7 
041 0 |a cze 
044 |a CZ 
245 1 0 |a Adobe Acrobat 6.0 professional  |b oficiální výukový kurz  |c překlad: Michal Sedlák 
264 1 |a Praha  |b SoftPress  |c 2004 
300 |a 544 s.  |e 1 CD-ROM 
610 2 0 |a softvér 
700 1 |a Sedlák, Michal